Famous Medieval Battles - Statistics

General Stats
  • This quiz has been taken 114 times
  • The average score is 15 of 43
Answer Stats
Year War Leaders Modern day Country Answer % Correct
1066 Norman Conquest of England William the Conqueror / Harold II Godwinson United Kingdom Battle of Hastings
77%
1415 Hundred Years War Henry V / Charles d'Albret France Battle of Agincourt
73%
1099 First Crusade Godfrey of Bouillon / Iftikhar al-Dawla Israel Siege of Jerusalem
73%
732 Umayyad invasion of Gaul Charles Martel / Abdul Rahman Al Ghafiqi France Battle of Tours
65%
1453 Ottoman-Byzantine Wars Mehmed II / Constantine XI Turkey Fall of Constantinople
62%
Sack of Rome
61%
718 Arab-Byzantine Wars Leo III / Maslama ibn Abd al-Malik Turkey Siege of Constantinople
61%
1204 Fourth Crusade Boniface I / Alexios V Ducas Turkey Sack of Constantinople
59%
1066 Viking invasion of England Harald Hardrada / Harold II Godwinson United Kingdom Battle of Stamford Bridge
58%
1492 Reconquista Ferdinand II of Aragon / Muhammad XII Spain Fall of Granada
54%
1346 Hundred Years War Edward III / Philip VI France Battle of Crecy
53%
886 Viking raids on West Francia Rollo / Odo France Siege of Paris
53%
1258 Mongol invasion of the Middle East Hulagu Khan / Al-Mustasim Iraq Siege of Baghdad
47%
1429 Hundred Years War Earl of Salisbury / Jean de Dunois France Siege of Orleans
47%
1071 Byzantine-Seljuk War Alp Arslan / Romanos IV Turkey Battle of Manzikert
43%
1098 First Crusade Godfrey of Bouillon / Yaghi-Siyan Turkey Siege of Antioch
41%
1191 Third Crusade Richard the Lionheart / Saladin Israel Siege of Acre
38%
1291 Wars of the Crusader States Al-Ashraf Khalil / Henry II of Jerusalem Israel Siege of Acre
38%
1187 Wars of the Crusader States Guy of Lusignan / Saladin Israel Battle of Hattin
36%
1314 First War of Scottish Independence Robert the Bruce / Edward II United Kingdom Battle of Bannockburn
35%
1389 Serbian-Ottoman Wars Murad I / Lazar Kosovo Battle of Kosovo
35%
1485 Wars of the Roses Richard III / Henry VII United Kingdom Battle of Bosworth Field
32%
1356 Hundred Years War Edward the Black Prince / John II France Battle of Poitiers
32%
1297 First War of Scottish Independence William Wallace / John Warren United Kingdom Battle of Stirling Bridge
31%
1456 Ottoman-Hungarian Wars Mehmed the Conqueror / John Hunyadi Serbia Siege of Belgrade
31%
1147 Reconquista Afonso I / Muhammad Ibn Hakam Portugal Siege of Lisbon
31%
1410 Polish-Lithuanian Teutonic War Wladyslaw II / Ulrich von Jungingen Poland Battle of Tannenberg (Battle of Grunwald)
30%
955 Hungarian invasion of East Francia Bulcsu / Otto I Germany Battle of Lechfeld
28%
1214 Holy Roman-Anglo-French War Otto IV / Philipp II France Battle of Bouvines
26%
1148 Second Crusade Baldwin III of Jerusalem / Muin ad-Din Unur Syria Siege of Damascus
26%
1242 Livonian Campaign against Rus Hermann von Dorpat / Alexander Nevsky Estonia, Russia Battle on the Ice
24%
630 Muslim-Quraysh War Muhammad / Abu Sufyan Saudi Arabia Conquest of Mecca
22%
1453 Hundred Years War Jean Bureau / John Talbot France Battle of Castillon
19%
1396 Ottoman Wars in Europe Bayezid I / Sigismund of Luxembourg Bulgaria Battle of Nicopolis
19%
1471 Wars of the Roses Edward IV / Prince Edward of Westminster United Kingdom Battle of Tewkesbury
15%
1176 Guelphs and Ghibellines War Frederick I Barbarossa / Pope Alexander III Italy Battle of Legnano
11%
624 Muslim-Quraysh War Muhammad / Amr ibn Hisham Saudi Arabia Battle of Badr
9%
Battle of Roncevaux Pass
7%
496 Campaigns of Clovis I Clovis I / Gibuld Germany Battle of Tolbiac
4%
1278 Great Interregnum War Rudolf I of Habsburg / Ottokar II of Bohemia Austria Battle on the Marchfeld
4%
841 Carolingian civil war Lothar I / Charles the Bald, Louis the German France Battle of Fontenoy
0%
1416 Ottoman-Venetian Wars Pietro Loredan / Cali Bey Turkey Battle of Gallipoli
0%
838 Arab-Byzantine Wars al-Mutasim / Emperor Theophilos Turkey Sack of Amorium
0%
No matching quizzes found
Score Distribution
Percent of People with Each Score
Percentile by Number Answered
Your Score History
You have not taken this quiz